Leading Countries by Facebook Audience - Statistics

General Stats
  • This quiz has been taken 21 times
  • The average score is 16 of 20
Answer Stats
Facebook Users Country % Correct
175 Million United States
100%
30.4 Million France
94%
24.5 Million Germany
94%
314.6 Million India
94%
83.75 Million Mexico
94%
109.05 Million Brazil
88%
119.9 Million Indonesia
88%
42 Million Egypt
81%
27.95 Million Italy
81%
22.15 Million South Africa
81%
34.4 Million United Kingdom
81%
27.35 Million Argentina
75%
37.3 Million Pakistan
75%
80.3 Million Philippines
75%
33.5 Million Colombia
69%
43.25 Million Bangladesh
63%
22.85 Million Peru
63%
48.1 Million Thailand
63%
32.8 Million Turkey
63%
66.2 Million Vietnam
50%
No matching quizzes found
Score Distribution
Percent of People with Each Score
Percentile by Number Answered
Your Score History
You have not taken this quiz